8 Biggest Cities in the Gaza Strip - Statistics

General Stats
  • This quiz has been taken 167 times
  • The average score is 3 of 8
Answer Stats
Rank Population City % Correct
1 830,700 Gaza City
99%
4 71,000 Rafah
72%
2 179,800 Khan Yunis
62%
3 82,900 Jabalia
35%
5 62,200 Deir al-Balah
28%
8 32,200 Beit Hanoun
27%
6 59,500 Beit Lahiya
12%
7 32,800 Bani Suheila
5%
No matching quizzes found
Score Distribution
Percent of People with Each Score
Percentile by Number Answered
Your Score History
You have not taken this quiz